The social animal / (Record no. 691)

MARC details
000 -LEADER
fixed length control field 00940cam a2200289 a 4500
001 - CONTROL NUMBER
control field 2487092
003 - CONTROL NUMBER IDENTIFIER
control field OSt
005 - DATE AND TIME OF LATEST TRANSACTION
control field 20141105133758.0
008 - FIXED-LENGTH DATA ELEMENTS--GENERAL INFORMATION
fixed length control field 910531s1992 nyua b 001 0 eng
010 ## - LIBRARY OF CONGRESS CONTROL NUMBER
LC control number 91022061
020 ## - INTERNATIONAL STANDARD BOOK NUMBER
International Standard Book Number 0716721651
020 ## - INTERNATIONAL STANDARD BOOK NUMBER
International Standard Book Number 071672166X (pbk.)
040 ## - CATALOGING SOURCE
Original cataloging agency DLC
Transcribing agency DLC
Modifying agency DLC
050 00 - LIBRARY OF CONGRESS CALL NUMBER
Classification number HM251
Item number .A79 1991
082 00 - DEWEY DECIMAL CLASSIFICATION NUMBER
Classification number 302
Edition number 20
Item number ARO 1991
100 1# - MAIN ENTRY--PERSONAL NAME
Personal name Aronson, Elliot.
9 (RLIN) 1816
245 14 - TITLE STATEMENT
Title The social animal /
Statement of responsibility, etc. Elliot Aronson.
250 ## - EDITION STATEMENT
Edition statement 6th ed.
260 ## - PUBLICATION, DISTRIBUTION, ETC. (IMPRINT)
Place of publication, distribution, etc. New York :
Name of publisher, distributor, etc. W.H. Freeman and Co.,
Date of publication, distribution, etc. 1992.
300 ## - PHYSICAL DESCRIPTION
Extent xiii, 497 p. :
Other physical details ill., ;
Dimensions 25 cm.
440 #2 - SERIES STATEMENT/ADDED ENTRY--TITLE
Title A Series of books in psychology
9 (RLIN) 1817
504 ## - BIBLIOGRAPHY, ETC. NOTE
Bibliography, etc Includes bibliographical references and index.
650 #0 - SUBJECT ADDED ENTRY--TOPICAL TERM
Topical term or geographic name as entry element Social psychology.
9 (RLIN) 1818
906 ## - LOCAL DATA ELEMENT F, LDF (RLIN)
a 7
b cbc
c orignew
d 1
e ocip
f 19
g y-gencatlg
942 ## - ADDED ENTRY ELEMENTS (KOHA)
Source of classification or shelving scheme Dewey Decimal Classification
Koha item type Short Loan
Holdings
Withdrawn status Lost status Source of classification or shelving scheme Damaged status Not for loan Home library Current library Date acquired Inventory number Total Checkouts Full call number Barcode Date last seen Price effective from Koha item type Source of acquisition
    Dewey Decimal Classification     MUST Main Library MUST Main Library 05/11/2014 2000/14050   302 ARO 1991 2014-3288 05/11/2014 05/11/2014 Short Loan  
    Dewey Decimal Classification     MUST Main Library MUST Main Library 17/07/2024 2000/14051   302 ARO 1991 2024-22010 17/07/2024 17/07/2024 Open Shelf Donation